000 00285nam a2200133Ia 4500
100 _aEdward S. Rosh
942 _cBK
654 _aGaging
245 _aFunctional Gaging
260 _bSociety of Manufacturing Engineers
_c2001
082 _a620
300 _a138
546 _aENGLISH
999 _c35559
_d35559